[Event "Corus"]
[Site "Wijk aan Zee"]
[Date "2001.01.25"]
[Round "10"]
[White "Van Wely, Loek"]
[Black "Adams, Michael"]
[Result "0-1"]
[WhiteElo "2700"]
[BlackElo "2746"]
[Annotator "Rabinovich,Al"]
[PlyCount "98"]
[EventDate "2001.01.13"]
[EventType "tourn"]
[EventRounds "13"]
[EventCountry "NED"]
[EventCategory "19"]
[SourceTitle "CBM 081"]
[Source "ChessBase"]
[SourceDate "2001.03.20"]
[SourceVersion "1"]
[SourceVersionDate "2001.03.20"]
[SourceQuality "1"]

1. d4 Nf6 2. c4 e6 3. Nf3 b6 4. g3 Ba6 5. b3 (5. Nbd2 Bb4 6. Qc2 O-O 7. Bg2 d5
8. O-O c5 9. dxc5 Bxc5 10. a3 Nbd7 11. cxd5 Nxd5 12. Nb3 Be7 13. Nbd4 Rc8 14.
Qd1 Nc5 $11 {0-1 Nikolic,P-Palac,M/Bled SLO 2000/The Week in Chess 311 (41)}) (
5. Qa4 Bb7 6. Bg2 c5 7. dxc5 Bxc5 8. Nc3 O-O 9. O-O Be7 10. Rd1 Qc8 11. Bf4 Na6
12. Rac1 Nc5 13. Qc2 Nce4 14. Nxe4 Bxe4 15. Qd2 Qa6 $11 {0-1 Skembris,S-Sax,G/
Bolzano ITA 2000/The Week in Chess 297 (43)}) 5... Bb4+ 6. Bd2 Be7 {Black
chooces one of the most popular lines nowdays.} 7. Bg2 c6 8. O-O (8. Bc3 d5 9.
Ne5 Nfd7 10. Nxd7 Nxd7 11. Nd2 O-O 12. O-O Nf6 13. e4 b5 14. Re1 dxe4 15. Qc2
Rc8 16. Rad1 Nd5 $1 {1/2-1/2 Karpov,A-Timman,J/Hoogeveen 1999/CBM 74 no vc (29)
This move seems to solve most of black's problems.Lately black gets good
positions in this line,that explains why white tried to look for advantage in
more peaceful line.}) 8... d5 9. Qc2 {White's results are not too shining in
this line. Black usually equalizes easily and even gets good chances for
better game.} Nbd7 10. Rd1 O-O 11. Bf4 Rc8 12. Nc3 Nh5 {Adams in the first
round in the same tournament played against Kramnik the same variation,but
here instead of the move in the game,he played c5.He got worse position with
isolated d-pawn and slowly Kramnik used this fact and won.Adams expirements
new idea,which after his next move looks like black is ready for draw.Van Wely
decides to play by entering really harmless line for black.} 13. Bc1 Nhf6 14.
e4 dxc4 15. Nd2 b5 (15... cxb3 16. axb3 Nb8 $44 {It will be not easy for black
to consolidate his pieces.}) 16. bxc4 bxc4 {[%cal Gd7b6]} 17. Qa4 Bb5 18. Qc2 {
White realizes that he got nothing,but a pawn less and ready for draw,but
black already with extra pawn has better position.} (18. Qxa7 $2 Ra8 19. Qb7
Qa5 {[%cal Gf8b8]} 20. Nxb5 cxb5 21. e5 Rfb8 22. Qf3 Nd5 $17) 18... Qa5 19. Nf3
(19. Bf1 Nb6 $15 {[%cal Gf8d8,Gd8d4]}) 19... h6 {Very nice move.Black prepares
removing the Q to kingside and takes care of g5 square in case white would
like to exchange queens .} (19... Bb4 20. Bb2 Bxc3 21. Bxc3 Ba4 22. Qd2 Qh5 23.
Re1 Rfd8 $15 {[%cal Gc6c5]} 24. Qg5 {Giving white some chances in the ending
to hold.}) 20. Bd2 Bb4 {[%cal Gb4c3,Gb5a4,Ga5h5]} 21. Rab1 {Forcing black to
do what he already wanted.} (21. Rac1 $5 Bxc3 $6 22. Bxc3 {And now black
doesn't have this opportunity to play Ba4 since the Q on c2 is protected.})
21... Bxc3 22. Bxc3 Ba4 23. Qd2 Qh5 24. Re1 Rfd8 {Now we clearly see that
white has no compensation for the pawn.Sooner or later black will play c5
after what white "pride",the center,will fall and lack of pawn would be felt.}
25. h3 {Preparing wrong plan.It was better to concentrate on black's c5.} (25.
Rb7 $6 Nc5 $17) (25. Ba5 Nb6 (25... Re8 26. Rb7 c5 27. Rxa7 Bc6 $15) 26. Ne5 c5
27. Bf3 Qg5 28. Qxg5 hxg5 29. Bxb6 axb6 30. Nxc4 {With good hopes for draw.})
25... c5 $17 26. g4 $6 Qg6 {[%cal Gh6h5]} 27. Qe2 {The last chance was to play
Nh4 and after Qg5 to exchange queens and look for sarviving in the ending. Now
black openes the center and the kingside.} cxd4 28. Nxd4 (28. Bxd4 Bc6 {
[%cal Gc6e4]} 29. Nd2 e5 30. Bxa7 c3 $19) 28... h5 $1 29. e5 (29. gxh5 Nxh5 {
[%cal Gh5f4,Gd7c5,Gc5d3]}) 29... hxg4 30. Kh2 (30. Nxe6 fxe6 $4 (30... gxh3 $6
31. Nf4 Qc2 32. exf6 hxg2 33. Qxc2 Bxc2 34. Rbc1 Ba4 35. fxg7 Bc6 36. Re7 {
White won't loose it.}) (30... Nd5 $3 31. Bxd5 gxh3+ 32. Kh2 fxe6 33. Rg1 Qf7
34. Be4 Nc5 $19) 31. exf6 gxh3 32. Qxe6+ $18 {[%cal Ge6g8,Ge6h3]}) 30... gxh3
31. Bf3 (31. Bxh3 Nd5 $19 {[%cal Gd5f4]}) 31... Qd3 $1 {Black transfers the
game to winning ending.} 32. Rbc1 (32. Nxe6 Qxc3 (32... fxe6 33. exf6 Qxe2 34.
Rxe2 Nxf6 35. Rxe6 Rd3 36. Re3 {Black is still winning,but two white bishops
can make some trouble.}) 33. Nxd8 Nxe5 34. Qxe5 Qxf3 $19 {[%cal Gf3g2,Gc8d8]})
32... Qxe2 33. Rxe2 Nh7 {[%cal Gh7f8,Gf8g6,Gg6e5,Gg6f4,Gf4d3]} (33... Nd5 34.
Bxd5 exd5 35. e6 $132 {Black's pawns are blockaded,what gives white some
counterplay.}) 34. Bh1 {[%cal Gf2f4]} Nb6 {[%cal Gb6d5]} 35. f4 Nd5 36. Bxd5
Rxd5 37. Rb1 Nf8 38. Kxh3 Ng6 39. Kg4 Rcd8 {Good technic by black.Now when all
the pieces are in the game,white is helpless.} 40. Re4 Ne7 41. Kf3 (41. Rb7 Nf5
42. Nxf5 $6 exf5+ 43. Kxf5 Bc2 $19) 41... Nc6 {Now black is winning by force.
Nice calculation.} 42. Nxc6 (42. Ne2 {[%csl Rb1,Re4]} Bc2) 42... Bxc6 43. Kf2 (
43. Ke2 {Was the only chance to hold.} Rd2+ 44. Bxd2 Bxe4 45. Rc1 Bd3+ 46. Ke3
Rd5 $19) 43... Rd2+ 44. Bxd2 Bxe4 45. Rb2 Rd3 {[%cal Gc4c3]} 46. Rc2 Rf3+ 47.
Ke2 Rxf4 48. Rxc4 $2 {Blunder in already lost position.} Bf3+ 49. Kd3 Be2+ 0-1

[Event "EU-chT (Men) 13th"]
[Site "Leon"]
[Date "2001.11.10"]
[Round "5.1"]
[White "Shirov, Alexei"]
[Black "Adams, Michael"]
[Result "0-1"]
[WhiteElo "2706"]
[BlackElo "2731"]
[PlyCount "84"]
[EventDate "2001.11.06"]
[EventType "team-swiss"]
[EventRounds "9"]
[EventCountry "ESP"]
[SourceTitle "CBM 086"]
[Source "ChessBase"]
[SourceDate "2002.02.05"]
[SourceVersion "1"]
[SourceVersionDate "2002.02.05"]
[SourceQuality "1"]
[WhiteTeam "Spain"]
[BlackTeam "England"]
[WhiteTeamCountry "ESP"]
[BlackTeamCountry "ENG"]

1. e4 e5 2. Nf3 Nf6 3. Nxe5 d6 4. Nf3 Nxe4 5. Bd3 Nf6 6. O-O Be7 7. h3 O-O 8.
c3 Re8 9. Bc2 b6 10. d4 Bb7 11. Bg5 h6 12. Bh4 Ne4 13. Bxe7 Rxe7 14. Nbd2 Nxd2
{#} 15. Qxd2 Bxf3 16. gxf3 Nd7 17. Kh2 Re6 18. Rg1 Qf6 19. Rg3 Kh8 20. Rag1 Rg8
21. f4 Re7 22. Qd3 Nf8 23. Qf3 c5 24. d5 b5 25. R1g2 Re1 26. Rg1 Re7 27. a3 c4
28. Qg4 Nd7 29. a4 a6 30. a5 Nc5 31. Re3 Nb3 32. Rge1 Rxe3 33. fxe3 Nc5 34. h4
Re8 35. Rg1 Nd3 36. Bxd3 cxd3 37. Rg3 b4 38. cxb4 Qxb2+ 39. Rg2 Qc3 40. Qd7 Rg8
41. Qg4 Qe1 42. f5 d2 0-1

[Event "Corus"]
[Site "Wijk aan Zee"]
[Date "2002.01.13"]
[Round "2"]
[White "Adams, Michael"]
[Black "Grischuk, Alexander"]
[Result "1-0"]
[WhiteElo "2742"]
[BlackElo "2671"]
[Annotator "Wedberg,T"]
[PlyCount "85"]
[EventDate "2002.01.12"]
[EventType "tourn"]
[EventRounds "13"]
[EventCountry "NED"]
[EventCategory "18"]
[SourceTitle "CBM 087"]
[Source "ChessBase"]
[SourceDate "2002.03.21"]
[SourceVersion "1"]
[SourceVersionDate "2002.03.21"]
[SourceQuality "1"]

1. e4 e5 2. Nf3 Nc6 3. Bb5 a6 4. Ba4 Nf6 5. O-O Be7 6. Re1 b5 7. Bb3 d6 8. c3
O-O 9. h3 Re8 10. d4 Bb7 11. Nbd2 Bf8 12. a3 {This is a more positional move
than the old favourite 12.a4. It is also less played. The games with 12.a4
outnumbers the 12.a3 ones by more than 6 to 1. Both moves score well for White:
12.a4 gives White 59%, 12.a3 yields 58% (Mega 2002).} g6 13. Ba2 {This is one
of the main ideas behind 12.a3, the B stays on the b3- f7-diagonal.} Bg7 14. b4
a5 15. d5 Ne7 16. Bb2 (16. Nb3 axb4 17. axb4 Rb8 (17... Nxe4 $5) 18. Na5 Ba8
19. Bg5 h6 20. Bxf6 Bxf6 21. Qd2 $14 {[%cal Yc3c4] 1-0 Kveinys,A-Ibragimov,I/
Warsaw 1991/EXT 97 (42)}) (16. bxa5 {is another interesting approach} Rxa5 (
16... c6) 17. c4 c6 (17... bxc4) 18. dxc6 Bxc6 19. Bb2 Qb8 20. c5 $36 {1-0
Borchers,H-May,F/GER 1999/EXT 2002 (39)}) 16... Nh5 17. Nb3 axb4 18. axb4 $146
{[%mdl 8] Adams heeds the classical advise and exchanges towards the centre.
The c7-P will be weak anyway.} (18. cxb4 Bc8 19. Na5 Nf4 20. Bc1 Bh6 21. Rb1
Kh8 22. Rb3 f5 23. Bb1 Rf8 24. Kh2 Ng8 25. Nc6 Qe8 26. Bb2 Bg7 27. Bc1 Bh6 {
1/2-1/2 Kuporosov,V-Ibragimov,I/Gorky 1989/CBM 16 (29)}) 18... Bc8 19. Na5 Nf4
20. c4 $1 g5 $5 {Black starts actions on the K-side and hopes to get some
concrete threats before White invades on the other side of the board.} (20...
bxc4 21. Bxc4 {[%cal Yc4b5,Ya5c6] White has a nice initiative on the Q-side.})
(20... Bd7 $5) 21. cxb5 g4 22. Nh2 $1 {[%mdl 256]} (22. hxg4 Bxg4 23. Nc6 Nxc6
24. bxc6 Qf6 {gives Black play for the P.}) 22... gxh3 23. g3 Neg6 $6 {This
turns out to be too optimistic.} (23... Ng2 $142 24. Re2 f5 25. Nc6 Qd7 26. Bc4
Rxa1 27. Qxa1 fxe4 (27... f4 28. Bxe5 $1) 28. Qa7 (28. Rxe4 Qf5) 28... e3 29.
fxe3 Ng6 $13) 24. Bb1 $1 (24. gxf4 $2 exf4 25. Bxg7 Qg5+ 26. Kf1 Qg2+ 27. Ke2
Kxg7 $40 {[%csl Re4,Rh2]}) 24... Qg5 25. Bc1 $1 (25. Kh1 Ng2 $13) 25... Bd7 $2
{This just loses the N on f4.} (25... Nf8 26. Kh1 Qg6 {and the N can slip away
from f4 - White is better though since he can restart his Q-side play.}) 26.
Kh1 f5 27. Rg1 Qf6 28. exf5 Bxf5 29. Bxf5 Qxf5 30. gxf4 exf4 $18 {Black has no
real compensation for the piece. It just takes a few moves for White to get
organized.} 31. Ra3 Qe4+ 32. Qf3 Qxb4 33. Nc6 Qxb5 34. Rxa8 Rxa8 35. Qe4 Qc5
36. Ng4 Rf8 37. Bd2 Kh8 38. Bb4 Qb5 39. Kh2 f3 40. Bd2 Qe2 41. Be3 Rf4 42. Qb1
Rf7 43. Nd8 1-0

[Event "Corus"]
[Site "Wijk aan Zee"]
[Date "2002.01.15"]
[Round "3"]
[White "Gelfand, Boris"]
[Black "Adams, Michael"]
[Result "0-1"]
[WhiteElo "2703"]
[BlackElo "2742"]
[Annotator "Ftacnik,L"]
[PlyCount "78"]
[EventDate "2002.01.12"]
[EventType "tourn"]
[EventRounds "13"]
[EventCountry "NED"]
[EventCategory "18"]
[SourceTitle "CBM 087"]
[Source "ChessBase"]
[SourceDate "2002.03.21"]
[SourceVersion "1"]
[SourceVersionDate "2002.03.21"]
[SourceQuality "1"]

1. e4 e5 2. Nf3 Nc6 3. Bb5 a6 4. Ba4 Nf6 5. O-O Be7 6. Re1 b5 7. Bb3 O-O 8. h3
Bb7 9. d3 d6 10. a3 Na5 11. Ba2 c5 12. Nc3 Nc6 13. Ne2 (13. Bg5 Qd7 (13... h6
14. Bxf6 Bxf6 15. Bd5 Qd7 16. Nh2 Bd8 17. Ng4 Kh8 18. Ne3 Bg5 $11 {1/2-1/2
Polgar,J-Adams,M/Frankfurt 1999/CBM 72 (44)}) 14. Nh2 Ne8 15. Bd2 Nc7 16. Nf1
Kh8 17. Ng3 Nd4 $15 {1-0 Kasparov,G-Adams,M/Linares 1999}) 13... Bc8 (13... d5
14. exd5 Nxd5 15. Ng3 Bf6 16. Ne4 Be7 17. Bg5 Nf6 18. Bxf6 gxf6 19. Ng3 Kh8 20.
Nh4 Nd4 21. c3 Ne6 22. d4 cxd4 23. cxd4 Nxd4 24. Qh5 Rg8 {0-1 Westerinen,
H-Kraidman,Y/Netanya 1971/ (51)}) 14. Ng3 Be6 15. Nf5 (15. Bxe6 fxe6 16. b3 Nd7
$11) 15... Bxf5 $5 {[%mdl 32] Certainly a courageous strategic decision. Adams
is very strong in this field and can afford to play a bit originally.} 16. exf5
Qd7 17. g4 h6 18. c3 (18. Bd2 Bd8 19. b4 Bc7 $13) 18... Rfe8 19. b4 (19. d4 e4
20. Nh2 d5 $15) 19... cxb4 20. cxb4 (20. axb4 a5 (20... Bd8 21. d4 e4 22. Nd2
d5 23. Nb3 Bc7 24. Kg2 (24. Nc5 $2 Qd6 $19) 24... Qd6 25. Rh1 a5 $15) 21. bxa5
Rxa5 22. Qb3 Bd8 $11) 20... Bd8 21. Bb2 (21. Be3 $5 d5 $15) 21... a5 $5 (21...
Bb6 22. Rc1 Rac8 23. Bb3 $13) 22. bxa5 (22. d4 e4 23. d5 Nxb4 24. axb4 exf3 25.
Qxf3 axb4 $17) 22... Bxa5 23. Re2 Bb6 24. Qb3 $2 {Gelfand suddenly panics even
though a bishop pair was still giving him a great chance to keep the chances
balanced.} (24. d4 $5 Nxd4 (24... e4 25. d5 exf3 26. Rxe8+ Qxe8 27. dxc6 Ne4
28. Qxf3 $11) 25. Nxd4 exd4 26. Rxe8+ Rxe8 27. Bxd4 Bxd4 28. Qxd4 d5 29. Qd3
$11) 24... Qb7 $1 25. Qd1 (25. Ree1 b4 26. g5 $132) 25... Ra4 $6 (25... Nb4 $1
26. Rd2 (26. axb4 Qxf3 27. Qf1 Qxd3 $19) 26... Nxa2 27. Rxa2 Nd5 $17) 26. Rc2
Ne7 (26... Nd4 27. Nxd4 Bxd4 28. Bxd4 exd4 29. Bb3 Ra7 30. a4 Nd7 $15) 27. Nh2
$2 {The last serious mistake as black pieces will now sneak deeply into
white's territory.} (27. d4 $1 e4 28. Ne1 $11) 27... Ned5 28. Qf3 Rf4 29. Qg2
e4 $1 30. Re1 (30. dxe4 Nxe4 31. Nf3 Nxf2 32. Rxf2 (32. Nd4 Rxd4 33. Bxd4 Bxd4
34. Rxf2 Bxa1 $1 35. Bxd5 Re1+ 36. Rf1 Bd4+ 37. Kh2 Rxf1 38. Bxb7 Be5+ $19)
32... Re2 33. Bd4 Bxd4 34. Nxd4 Rfxf2 35. Qxd5 Rg2+ 36. Kf1 Ref2+ 37. Ke1 Rxa2
$19) (30. Bxf6 Nxf6 31. Re1 (31. Qg3 exd3 32. Qxd3 Rd4 33. Qf1 Qe4 $17) 31...
Qa8 $1 32. Rce2 Qxa3 33. dxe4 Nxe4 $19) 30... Rxf2 $1 31. Rxf2 Nf4 32. Qg3
Bxf2+ 33. Kxf2 Nxd3+ 34. Kf1 Nxb2 35. h4 Qd7 36. Kg2 Nd3 37. Rf1 e3 38. g5 hxg5
39. hxg5 Nh5 0-1

[Event "Linares 19th"]
[Site "Linares"]
[Date "2002.02.24"]
[Round "2"]
[White "Adams, Michael"]
[Black "Ponomariov, Ruslan"]
[Result "1-0"]
[WhiteElo "2742"]
[BlackElo "2727"]
[Annotator "Wedberg,T"]
[PlyCount "151"]
[EventDate "2002.02.22"]
[EventType "tourn"]
[EventRounds "14"]
[EventCountry "ESP"]
[EventCategory "20"]
[SourceTitle "CBM 088"]
[Source "ChessBase"]
[SourceDate "2002.03.21"]
[SourceVersion "1"]
[SourceVersionDate "2002.03.21"]
[SourceQuality "1"]

1. e4 e5 2. Nf3 Nc6 3. Bb5 a6 4. Ba4 Nf6 5. O-O Be7 6. Re1 b5 7. Bb3 d6 8. c3
O-O 9. h3 Re8 10. d4 Bb7 11. Nbd2 Bf8 12. d5 {The positional approach.} ({
The sharper} 12. a4 h6 13. Bc2 exd4 14. cxd4 Nb4 15. Bb1 c5 16. d5 Nd7 17. Ra3
{and now either} c4 {(positional) or} (17... f5 {(tactical) is heavily
analysed. No clear verdict has been reached. The results are mixed with a
slight plus for White.})) 12... Nb8 13. Nf1 Nbd7 14. N3h2 Nc5 15. Bc2 c6 16. b4
Ncd7 17. dxc6 Bxc6 18. Bg5 {A deviation from 18.Ng4 played by Adams against
Beliavsky in Leon last year. Exchanging the black-squared B for a N is logical
given the weakness of d5.} (18. Ng4 Nxg4 19. hxg4 Nb6 20. Qd3 (20. Ne3 d5 21.
exd5 Nxd5 22. Nxd5 Qxd5 23. Qxd5 Bxd5 $13 {1/2-1/2 Kasparov,G-Ivanchuk,V/
Linares 1998/CBM 64/[ChessBase] (54)}) 20... g6 21. Rd1 Qc7 22. Qf3 Bd7 23. Bb3
Be6 24. Bg5 a5 25. Ne3 Bxb3 26. axb3 axb4 27. cxb4 Rxa1 28. Rxa1 d5 $1 $132 {
0-1 Adams,M-Beliavsky,A/Leon 2001/CBM 86/[Wedberg] (60)}) 18... h6 (18... Qc8
19. Bxf6 Nxf6 20. Ng4 Nxg4 21. hxg4 Bd7 22. Ne3 Ra7 (22... Qxc3 23. Nd5 Qc6 24.
Bb3 Qb7 25. g5 Be6 26. Re3 $40 {1-0 Almasi,Z-Bacrot,E/Szeged 2000/CBM 78 (34)})
23. Bb3 Qxc3 24. Nd5 Qc8 25. Nb6 Qd8 26. Nxd7 Qxd7 27. Bd5 $44 {1/2-1/2 Hracek,
Z-Beliavsky,A/Germany 2000/CBM 74 ext (37)}) (18... Qc7 19. Bxf6 Nxf6 20. Ng4
Nxg4 21. hxg4 Qb7 22. Qd3 Rac8 23. Bb3 Bd7 24. Ne3 Be6 25. Nd5 $14 {1-0
Delchev,A-Levar,N/Belisce 1999/EXT 2000 (36)}) 19. Bxf6 $146 {[%mdl 8]} (19.
Bh4 Qc7 20. Bxf6 Nxf6 21. Ng4 Nxg4 22. hxg4 Be7 23. Bb3 Bg5 24. Qf3 Rf8 25.
Rad1 Bd7 26. Rd3 Be6 27. Red1 Rfd8 28. Ne3 Bxe3 29. Rxe3 {Black´s play in this
game is a model for the handling of this line. 1/2-1/2 Almasi,Z-Beliavsky,A/
AUT 2001/EXT 2002 (29)}) 19... Nxf6 20. Ng4 Nxg4 21. Qxg4 {[%cal Yc2b3,Yf1e3,
Ye3d5,Yb3d5,Ya1d1,Yd1d5][%mdl 2048] For good reasons Adams spurns the more or
less standard recapture with the h-P. The main idea remains the same though -
to capitalize on the d5-square.} (21. hxg4 d5 $1 $13) 21... d5 $6 {Ponomariov
tries to break free immediately. But freedom comes with a cost in this case,
because White is better mobilized.} (21... Bd7 22. Qf3 Rc8 {[%csl Rc3][%cal
Yd8c7,Yd7e6,Yf8e7,Ye7g5] would have been more prudent. There are weaknesses on
both sides. See the comment to move 19.}) 22. exd5 (22. Rad1 $6 d4 $132) 22...
Qxd5 23. Bb3 {[%cal Yf1e3,Ya1d1,Ye3f5,Yb3f7,Yd1d7] White´s B is the dominant
minor piece and it´s sway can be enhanced by all the other pieces. It´s
already tricky for Black.} Qd8 (23... Qd3 24. Re3 $36) (23... Qd7 24. Qh5 $36)
24. Qh5 $1 $16 Ra7 (24... Qf6 25. Ne3 {[%cal Ye3g4] is difficult for Black.} g6
26. Ng4 Qg7 27. Qh4 g5 28. Qh5 Ra7 29. Rad1 $16) (24... Qc7 25. Ne3 Rad8 26.
Ng4 Bd5 (26... Bd6 $2 27. Qg6 $18) 27. Re3 $40 {[%cal Ye3g3,Ya1e1]}) 25. Rxe5 (
25. Ne3 Qg5 {relieves some pressure.}) 25... Rxe5 26. Qxe5 Qg5 27. Qxg5 hxg5 {
White is a P up, but Black has some compensation in the pair of B:s. White´s
plus is clear though. In percentage terms I would give White 75% here.} 28. Ne3
g6 (28... a5 29. bxa5 Rxa5 30. Rd1 $14) 29. Rd1 Rc7 30. Kf1 Kg7 31. Ke2 Be7 32.
Bd5 $1 {White centralizes effectively.} Bd7 33. Rd3 Bf6 (33... f5) 34. c4 bxc4
35. Bxc4 Bc8 36. a3 Bb2 37. Kd2 f5 38. Kc2 Bxa3 (38... Bf6 39. Kb3 $16 {
[%cal Ye3d5]}) 39. Rxa3 f4 40. Kb3 fxe3 41. fxe3 Re7 42. Ka4 $18 {The weak a-P
will fall and then the b-P wins.} Re5 43. Rd3 Bf5 44. Rd2 Rxe3 45. Bxa6 Be4 46.
Rf2 Kh6 47. Bf1 g4 48. hxg4 Re1 49. Be2 Ra1+ 50. Kb3 Rb1+ 51. Kc3 Rc1+ 52. Kd4
Bb7 53. Bf3 Ba6 54. Rb2 Bb5 55. Be2 Bc6 56. Bf3 Bb5 57. Be2 Bc6 58. Ba6 Rg1 59.
b5 Bxg2 60. b6 Kg5 61. Bc8 Kf4 62. Kc5 Be4 63. Rb4 Ke5 64. b7 Rc1+ 65. Kb5 Bxb7
66. Bxb7 Kf6 67. Rc4 Rb1+ 68. Kc6 Kg5 69. Bc8 Rd1 70. Bd7 Kh4 71. Kc7 Rd2 72.
Kd8 Re2 73. Rc6 g5 74. Bf5 Re3 75. Re6 Rg3 76. Rh6# 1-0

[Event "Linares 19th"]
[Site "Linares"]
[Date "2002.03.01"]
[Round "6"]
[White "Adams, Michael"]
[Black "Anand, Viswanathan"]
[Result "1-0"]
[WhiteElo "2742"]
[BlackElo "2757"]
[Annotator "Finkel,A"]
[PlyCount "87"]
[EventDate "2002.02.22"]
[EventType "tourn"]
[EventRounds "14"]
[EventCountry "ESP"]
[EventCategory "20"]
[SourceTitle "CBM 088"]
[Source "ChessBase"]
[SourceDate "2002.03.21"]
[SourceVersion "1"]
[SourceVersionDate "2002.03.21"]
[SourceQuality "1"]

1. e4 e6 2. d4 d5 3. Nd2 dxe4 4. Nxe4 Nd7 5. Nf3 Ngf6 6. Nxf6+ Nxf6 7. c3 $5 {
This variation has become extremly popular lately.} c5 8. Be3 {Very logical
move.White has tried 8.Bg5 and 8.Bb5,but did'nt reach any opening advantage} (
8. Bg5 Be7 9. Bxf6 (9. Bb5+ Bd7 10. Qa4 Bxb5 11. Qxb5+ Qd7 12. Qxd7+ Nxd7 13.
Bxe7 Kxe7) 9... gxf6 (9... Bxf6 10. Bb5+ Bd7 11. Qa4 cxd4 12. Rd1 Bxb5 13.
Qxb5+ Qd7 14. Qxd7+ Kxd7 15. Nxd4 Ke7) 10. Qa4+ (10. Qb3 Qc7 11. d5 Bd7 12. Bc4
Qf4 13. O-O Rg8) 10... Bd7 11. Bb5 a6 12. Bxd7+ Qxd7 13. Qxd7+ Kxd7 14. O-O-O
cxd4 15. Nxd4 Kc7) (8. Bb5+ Bd7 9. Bxd7+ Qxd7 10. Be3 cxd4 11. Bxd4 Be7 12. O-O
O-O 13. Qe2 Qc7 14. Rad1 Rfd8) 8... Qc7 (8... cxd4) (8... cxd4 9. Bxd4 (9. Qxd4
) 9... Be7 10. Ne5 O-O 11. Bd3 Qc7 12. O-O Rd8 13. Qf3 $14) 9. Ne5 $5 a6 (9...
cxd4 10. Bxd4 Bd6 11. Bb5+ Ke7 12. Nc4) (9... Bd7 10. Nxd7 Nxd7 11. d5) (9...
Bd6 10. Bb5+ Ke7 (10... Nd7 11. Nxd7 Bxd7 12. Bxd7+ Qxd7 13. dxc5) 11. Nc4 Bd7
(11... Bf4 12. dxc5 Rd8 (12... Bxe3 13. Qd6+ Qxd6 14. cxd6+ Kd8 15. fxe3) 13.
Qf3 Bxe3 14. Qxe3 Bd7 15. Bxd7 Nxd7 16. b4) 12. Bxd7 Nxd7 13. Nxd6 Qxd6 14.
dxc5 Qxd1+ (14... Nxc5 15. Qxd6+ Kxd6 16. O-O-O+ Kc6 17. Bxc5 Kxc5 18. Rd7) 15.
Rxd1 (15. Rxd1 Rhc8 16. Ke2 Nxc5 17. Rd4 Rc7 18. Rhd1 f6 19. c4 Rac8 20. b3 Rd7
)) 10. Qa4+ Nd7 (10... Bd7 11. Nxd7 Nxd7 (11... Qxd7 12. Qxd7+ Nxd7 13. O-O-O)
12. O-O-O) 11. O-O-O cxd4 (11... Bd6 12. Bb5 (12. Nc4 Bf4 13. g3 Bxe3+ 14. Nxe3
$14 {Dvoirys,S-Zakharevich,I/Novgorod (open) 1997(Inf 70/275)} (14. Nxe3 O-O
15. d5 b5 $6 16. d6 $1 $14 {Dvoirys,S-Zakharevich,I/Novgorod 1997/CBM 60}))
12... axb5 13. Qxa8 cxd4 14. Nxd7 dxe3 15. Rxd6 Qxd6 16. Qxc8+ Ke7 17. Qxb7
Qd2+ 18. Kb1 Qd3+ 19. Ka1 Qxd7 20. Qxd7+ Kxd7 21. Rd1+ $16 {Yakovich,Y-Yagupov,
I/St Petersburg 1998/EXT 99}) (11... Rb8 $6 $146 {[%cal Yb7b5]} 12. dxc5 Qxe5
13. Bf4 Qxc5 14. Bxb8 b5 15. Qa5 (15. Qf4)) 12. Nxd7 $5 {A new move. However
it doesn't pose black special problem, so Anand's loss is not a result of an
opening!} (12. Bxd4 Bd6 13. Nxd7 Bxd7 14. Qb3 (14. Qc4 $1 $14) 14... O-O 15.
Bb6 Qc6 16. Kb1 Bc7 17. Be3 Qa4 18. Qxa4 {1/2-1/2 Dvoirys,S-Zakharevich,I/St
Petersburg 1998/CBM 67 ext (18)}) 12... Qxd7 $1 (12... Bxd7 13. Qxd4 $14 {
[%csl Rf8]}) 13. Qc2 Bc5 14. Bxd4 Bxd4 15. Rxd4 Qc7 16. Bd3 Bd7 17. g3 (17.
Bxh7 $5 O-O-O (17... g6 $2 18. Bxg6 $18) 18. Be4 Rxh2 19. Rhd1 Rhh8 20. Qd3 $14
) 17... h6 18. Rd1 O-O-O (18... O-O $4 19. Rxd7 Qxd7 20. Bh7+ $18 {[%csl Rd7]})
19. Rc4 Bc6 20. Be4 $1 Rxd1+ 21. Qxd1 Rd8 22. Qf3 Rd6 23. h4 $1 {[%cal Gh4h5]}
Kb8 24. Bxc6 Rxc6 25. Rxc6 bxc6 26. h5 $14 {White has slightly better chances
in the endgame due to better pawn structure, but it's hard to believe he is
going to win it in 15 moves!} Kb7 27. Kc2 f5 $6 28. Qd3 Qf7 29. Qe2 f4 (29...
Qf6 30. f4 $1 g6 31. hxg6 Qxg6 32. Qe3 $14 {[%cal Ga2a5]}) 30. g4 g6 31. Qe5 $1
$16 g5 $2 {Now the pawn h6 disappears from the board.} (31... gxh5 32. gxh5 $16
) 32. Qh8 $1 {[%csl Rh6]} e5 33. Qxh6 (33. Qxe5 $5 Qxa2 34. Qg7+ Kc8 35. Qxh6
Qa4+ 36. Kd2 Qb5 37. Qe6+ Kb7 38. b3 $18) 33... e4 (33... Qe7 34. Qg6 Qc5 35.
Qg7+ Kb8 $1 $16) 34. Qg6 $1 {Winning a tempo.} Qc4 35. Qg7+ Kc8 36. Qh8+ Kb7
37. Qg7+ Kc8 38. Qf8+ Kc7 39. Qe7+ Kc8 40. Qe8+ (40. Qxg5 $2 Qd3+ 41. Kb3 e3
42. fxe3 fxe3 $132) 40... Kc7 41. Qe7+ Kc8 42. h6 c5 (42... Qd3+ 43. Kb3 Qb5+
44. Qb4 Qd5+ 45. Ka3 $18) 43. Qe8+ $1 {[%csl Gb5]} Kc7 44. h7 1-0